Birth Countries of Every Oscar-Nominated Actor - Statistics

General Stats
  • This quiz has been taken 213 times
    51 since last reset
  • The average score is 34 of 49
Answer Stats
# Country % Correct
23 Canada
100%
161 United Kingdom
100%
657* United States
100%
16* France
98%
8 Mexico
96%
8 Russia
96%
16 Australia
93%
6 Germany
93%
12 Italy
93%
8 Japan
93%
3 Brazil
91%
4 Spain
91%
15 Ireland
89%
7 Sweden
89%
1 China
87%
3 India
87%
1 New Zealand
87%
5 South Africa
87%
1 South Korea
84%
2 Argentina
82%
1 Egypt
82%
1 Poland
82%
2 Greece
80%
2 Norway
80%
1 Belgium
78%
1 Colombia
78%
1 Netherlands
78%
2 Romania
71%
1 Switzerland
69%
10 Austria
67%
2 Cuba
67%
4 Ukraine
67%
2 Israel
64%
1 Vietnam
64%
1 Iran
62%
1 Thailand
62%
1 Hungary
60%
1 Bulgaria
56%
1 Nigeria
49%
1 Malaysia
44%
1 Slovakia
44%
1 Lithuania
36%
1 Ethiopia
33%
1 Latvia
31%
1 Cambodia
29%
1 Somalia
24%
1 North Korea
18%
1 Benin
13%
1 Eswatini
11%
No matching quizzes found
Score Distribution
Percent of People with Each Score
Percentile by Number Answered
Your Score History
You have not taken this quiz since the last reset